El Silmarillion /

El Silmarillon cuenta la historia de la Primera Edad, el antiguo drama del que hablan los personajes de El Señor de los Anillos, y en cuyos acontecimientos algunos de ellos tomaron parte, como Elrond y Galadriel... Una obra de auténtica imaginación, una visión inspirada, legendaria o mítica, del int...

Descripción completa

Guardado en:
Autor Principal: Tolkien, J. R.r.
Formato: Libro
Publicado: Barcelona, Minotauro. 2001 :
Materias:
Etiquetas: Agregar Etiqueta
Sin Etiquetas, Sea el primero en etiquetar este registro!
LEADER 01120nam a22002415a 4500
001 CEM.cems011098
008 130507b199?##################000#0#####d
005 20260609174954.0
245 1 0 |a El Silmarillion /  |c J. R. R. Tolkien ; edición de Christopher Tolkien. 
260 |a Barcelona,  |b Minotauro.  |c 2001 : 
300 |a 436 p. 
520 |a El Silmarillon cuenta la historia de la Primera Edad, el antiguo drama del que hablan los personajes de El Señor de los Anillos, y en cuyos acontecimientos algunos de ellos tomaron parte, como Elrond y Galadriel... Una obra de auténtica imaginación, una visión inspirada, legendaria o mítica, del interminable conflicto entre el deseo de poder y la capacidad de crear. 
020 |a 9505470649 
100 1 |a Tolkien, J. R.r. 
082 0 4 |a 823.9 
653 |a Literatura 
653 |a Literatura ciencia ficción 
653 |a Novelas 
653 |a Novelas ciencia ficción 
653 |a Literatura inglesa 
653 |a Novela inglesa 
859 |a CEMS  |b BIB. CEMS - 11 de abril  |h 823.9  |i T577-2  |p 21900.02  |t Ej.1 
859 |a CEMS  |b BIB. CEMS - 11 de abril  |h 823.9  |i T577-2  |p 30583.25  |t Ej.2